header

The little data book on external debt. (Record no. 95754)

MARC details
000 -LEADER
fixed length control field 01080nam a2200277 a 4500
245 04 - TITLE STATEMENT
Title The little data book on external debt.
260 ## - PUBLICATION, DISTRIBUTION, ETC. (IMPRINT)
Place of publication Washington, D.C. :
Name of publisher World Bank,
Year of publication 2010.
300 ## - PHYSICAL DESCRIPTION
Number of Pages vi, 146 p.
490 0# - SERIES STATEMENT
Series statement The little data book on external debt. 2010
650 #0 - SUBJECT ADDED ENTRY--TOPICAL TERM
Topical Term Debts, External
856 40 - ELECTRONIC LOCATION AND ACCESS
Uniform Resource Identifier http://site.ebrary.com/lib/rucke/Doc?id=10397677

No items available.

© 2026 Rongo University
Contact us: librarian | system librarian | Rongo university